000 00465nam a2200169Ia 4500
008 090201s9999 xx 000 0 und d
010 _aKPL-42465
040 _bमराठी
041 _aमराठी
082 _a8536
_b42465
100 _aगस्ती भिमराव
245 _aबेरड
_cगस्ती भिमराव
260 _c2004
_bपारख
300 _a330
_bमोठा
600 _aबेरड
942 _cBOOK
999 _c209131
_d209131